000 00901nas a2200289 4500
001 BR9902596
003 BR-BrBNA
005 20231205101431.0
007 ta
008 230509b bl.|||p| |||| 00| 00por d
040 _aBR-BrBNA
_bpor
_cBiblioteca Nacional de Agricultura
041 _a(Pt)
072 _aM40
100 1 _aBranco, J.O.
100 1 _aLunardon-Branco, M.J.
100 1 _aPeret, A.C.
100 1 _aSouto, F.X.
100 1 _aSchveitzer, R.
100 1 _aVale, W.G.
245 1 _aAssociacoes entre macroinvertebrados e peixes demersais na armacao do Itapocoroy, Penha, SC, Brasil
650 _aAnimal Invertebrado
650 _aPeixe Demersal
650 _aEcologia Aquatica
773 0 _tBrazilian Archives of Biology and Technology (Brazil)
_xISSN 0365-0979
_g(1998), v. 41(2) p. 268-277
_wBR9902596
909 _a202311
_bLúcia
_c55
_dLúcia Elande
942 _2AGRIS
_n0
_cANA
999 _c161826
_d161826